| 000 | 00479cam a2200205ua 4500 | ||
|---|---|---|---|
| 001 | 7060 | ||
| 005 | 20260515114140.0 | ||
| 008 | 141122n ii |||gr||||Z||||||eng | ||
| 020 | _a8176630500 | ||
| 040 | _cMAIN | ||
| 041 | _aeng | ||
| 082 | _a330 | ||
| 100 |
_aPaul, R.R., _eAuthor. |
||
| 245 | 1 |
_aHistory of economic thought _cBy R.R. Paul |
|
| 250 | _a5th rev. | ||
| 260 |
_aNewDelhi: _bKalyani, _c2005. |
||
| 300 | _a637p. | ||
| 653 | _aHistorical economics | ||
| 942 | _cBK | ||
| 999 |
_c6184 _d6184 |
||